<?xml version="1.0" encoding="UTF-8"?>
<record
    xmlns:xsi="http://www.w3.org/2001/XMLSchema-instance"
    xsi:schemaLocation="http://www.loc.gov/MARC21/slim http://www.loc.gov/standards/marcxml/schema/MARC21slim.xsd"
    xmlns="http://www.loc.gov/MARC21/slim">

  <leader>01087nam2a2200277   4500</leader>
  <controlfield tag="001">RU\NLR\bibl\1190686</controlfield>
  <controlfield tag="005">20250615095217.0</controlfield>
  <datafield tag="010" ind1=" " ind2=" ">
    <subfield code="a">978-5-275-01477-8</subfield>
    <subfield code="b">&#x422;. 1</subfield>
  </datafield>
  <datafield tag="010" ind1=" " ind2=" ">
    <subfield code="a">978-5-275-01476-1</subfield>
  </datafield>
  <datafield tag="021" ind1=" " ind2=" ">
    <subfield code="a">RU</subfield>
    <subfield code="b">2007-93106</subfield>
    <subfield code="9">5028</subfield>
  </datafield>
  <datafield tag="035" ind1=" " ind2=" ">
    <subfield code="a">(NLR Aleph) 001177240</subfield>
  </datafield>
  <datafield tag="090" ind1=" " ind2=" ">
    <subfield code="a">1634748</subfield>
    <subfield code="c">1634748</subfield>
  </datafield>
  <datafield tag="100" ind1=" " ind2=" ">
    <subfield code="a">20080220d2007    |||y0rusy50      ca</subfield>
  </datafield>
  <datafield tag="101" ind1="1" ind2=" ">
    <subfield code="a">rus</subfield>
    <subfield code="c">ger</subfield>
  </datafield>
  <datafield tag="102" ind1=" " ind2=" ">
    <subfield code="a">RU</subfield>
  </datafield>
  <datafield tag="105" ind1=" " ind2=" ">
    <subfield code="a">a   |||||||||</subfield>
  </datafield>
  <datafield tag="200" ind1="1" ind2=" ">
    <subfield code="a">&#x41C;&#x43B;&#x435;&#x43A;&#x43E;&#x43F;&#x438;&#x442;&#x430;&#x44E;&#x449;&#x438;&#x435;</subfield>
  </datafield>
  <datafield tag="215" ind1=" " ind2=" ">
    <subfield code="a">524, XIII &#x441;.</subfield>
    <subfield code="c">&#x438;&#x43B;.</subfield>
  </datafield>
  <datafield tag="461" ind1=" " ind2="0">
    <subfield code="1">001RU\NLR\bibl\1223087</subfield>
    <subfield code="1">2001#$a&#x416;&#x438;&#x437;&#x43D;&#x44C; &#x436;&#x438;&#x432;&#x43E;&#x442;&#x43D;&#x44B;&#x445;$v&#x422;. 1</subfield>
    <subfield code="9">68635</subfield>
    <subfield code="a">&#x411;&#x440;&#x435;&#x43C;, &#x410;. &#x42D;. (1829-1884)</subfield>
    <subfield code="c">&#x41C;&#x43E;&#x441;&#x43A;&#x432;&#x430;</subfield>
    <subfield code="d">2007</subfield>
    <subfield code="f">&#x410;.&#x42D;. &#x411;&#x440;&#x44D;&#x43C;</subfield>
    <subfield code="n">&#x422;&#x435;&#x440;&#x440;&#x430;-&#x41A;&#x43D;&#x438;&#x436;&#x43D;&#x44B;&#x439; &#x43A;&#x43B;&#x443;&#x431;</subfield>
    <subfield code="o">&#x43E;&#x431;&#x440;&#x430;&#x431;&#x43E;&#x442;&#x430;&#x43D;&#x43E; &#x434;&#x43B;&#x44F; &#x44E;&#x43D;&#x43E;&#x448;&#x435;&#x441;&#x442;&#x432;&#x430; &#x43F;&#x43E; &#x43F;&#x43E;&#x441;&#x43B;&#x435;&#x434;&#x43D;&#x435;&#x43C;&#x443; &#x43D;&#x435;&#x43C;&#x435;&#x446;&#x43A;&#x43E;&#x43C;&#x443; &#x438;&#x437;&#x434;&#x430;&#x43D;&#x438;&#x44E; : &#x432; 3 &#x442;.</subfield>
    <subfield code="t">&#x416;&#x438;&#x437;&#x43D;&#x44C; &#x436;&#x438;&#x432;&#x43E;&#x442;&#x43D;&#x44B;&#x445;</subfield>
    <subfield code="v">&#x422;. 1</subfield>
  </datafield>
  <datafield tag="606" ind1="1" ind2=" ">
    <subfield code="a">&#x41C;&#x43B;&#x435;&#x43A;&#x43E;&#x43F;&#x438;&#x442;&#x430;&#x44E;&#x449;&#x438;&#x435;</subfield>
    <subfield code="x">&#x42D;&#x43A;&#x43E;&#x43B;&#x43E;&#x433;&#x438;&#x44F;</subfield>
    <subfield code="9">1468952</subfield>
    <subfield code="3">RU\NLR\auth\66314629</subfield>
  </datafield>
  <datafield tag="686" ind1=" " ind2=" ">
    <subfield code="a">&#x415;681.925</subfield>
  </datafield>
  <datafield tag="801" ind1=" " ind2="0">
    <subfield code="a">RU</subfield>
    <subfield code="b">NLR</subfield>
    <subfield code="c">20080220</subfield>
    <subfield code="g">RCR</subfield>
  </datafield>
  <datafield tag="801" ind1=" " ind2="1">
    <subfield code="a">RU</subfield>
    <subfield code="b">NLR</subfield>
    <subfield code="c">20080220</subfield>
  </datafield>
  <datafield tag="942" ind1=" " ind2=" ">
    <subfield code="c">BOOK</subfield>
  </datafield>
  <datafield tag="980" ind1=" " ind2=" ">
    <subfield code="a">NB</subfield>
  </datafield>
  <datafield tag="995" ind1=" " ind2=" ">
    <subfield code="5">2008-02-20</subfield>
    <subfield code="a">ad</subfield>
    <subfield code="b">NLR01</subfield>
    <subfield code="c">NLR01</subfield>
    <subfield code="e">RF9</subfield>
    <subfield code="f">2611477</subfield>
    <subfield code="k">2008-7/972</subfield>
    <subfield code="o">0</subfield>
    <subfield code="r">BOOK</subfield>
    <subfield code="s">20087972_</subfield>
  </datafield>
  <datafield tag="995" ind1=" " ind2=" ">
    <subfield code="5">2008-02-20</subfield>
    <subfield code="a">ad</subfield>
    <subfield code="b">NLR01</subfield>
    <subfield code="c">NLR01</subfield>
    <subfield code="e">RF9</subfield>
    <subfield code="f">2611478</subfield>
    <subfield code="k">2008-7/972</subfield>
    <subfield code="o">0</subfield>
    <subfield code="r">BOOK</subfield>
    <subfield code="s">20087972_</subfield>
  </datafield>
  <datafield tag="995" ind1=" " ind2=" ">
    <subfield code="5">2009-04-08</subfield>
    <subfield code="a">aa</subfield>
    <subfield code="b">NLR01</subfield>
    <subfield code="c">NLR01</subfield>
    <subfield code="e">OZ3</subfield>
    <subfield code="f">1-573578</subfield>
    <subfield code="k">&#x41C;1 &#x415;693.36/&#x411;-897</subfield>
    <subfield code="o">0</subfield>
    <subfield code="p">370.00</subfield>
    <subfield code="r">BOOK</subfield>
    <subfield code="s">1_69336897</subfield>
  </datafield>
</record>
